Fúzie a akvizície v automobilovom priemysle bakalárska práca

Saved in:
Bibliographic Details
Main Author: Knap, Ján
Corporate Author: Obchodná fakulta EU. Katedra medzinárodného obchodu
Other Authors: Pásztorová, Jana, 1960-
Format: Book
Language:Slovak
Published: Bratislava 2009
Tags: Add Tag
No Tags, Be the first to tag this record!

MARC

LEADER 00000nam$a2200000$$$4500
001 0103462
005 20240318133635.5
041 0 |a slo 
044 |a SK 
245 1 0 |a Fúzie a akvizície v automobilovom priemysle  |b bakalárska práca  |c Ján Knap ; škol. Jana Pásztorová 
264 1 |a Bratislava  |c 2009 
300 |a 53 s. 
100 1 |a Knap, Ján 
700 1 |a Pásztorová, Jana, 1960- 
710 2 |a Obchodná fakulta EU. Katedra medzinárodného obchodu